[Event "Yuzhny Open"]
[Site "Yuzhny UKR"]
[Date "2011.09.05"]
[Round "5.28"]
[White "Fish,Alexander"]
[Black "Bernatskiy,Alexander"]
[Result "1-0"]
[WhiteElo "2098"]
[BlackElo "1963"]

1.e4 c5 2.Nf3 d6 3.Bb5+ Bd7 4.Bxd7+ Nxd7 5.c4 g6 6.d4 cxd4 7.Nxd4 Bg7 8.Be3 Ngf6
9.Nc3 Rc8 10.b3 O-O 11.Rc1 a6 12.O-O Ne5 13.h3 Qa5 14.f4 Ned7 15.Qe1 Qc7
16.Qe2 Nc5 17.Qf3 Nd3 18.Rcd1 Nb4 19.Nde2 Nd7 20.Rd2 Nf6 21.g4 e6 22.f5 Nd7
23.Qg3 Nc6 24.Qxd6 Bd4 25.Rxd4 Nxd4 26.Qxd4 e5 27.Qd2 f6 28.Nd5 Qd8 29.Qb4 Rf7
30.Nec3 gxf5 31.exf5 Qf8 32.Qxb7 Nc5 33.Qb6 Nd3 34.Ne4 Rb8 35.Qd6 Nf4 36.Ndxf6+ Kh8
37.Qxe5 Nxh3+ 38.Kg2 Re7 39.Qc3 Qg7 40.Bd4 Rd8 41.Nd5 Nf4+ 42.Rxf4  1-0

[Event "InventiChess GM"]
[Site "Antwerp BEL"]
[Date "2011.09.06"]
[Round "4.3"]
[White "Arakhamia-Grant,K"]
[Black "Van der Wiel,J"]
[Result "0-1"]
[WhiteElo "2456"]
[BlackElo "2459"]

1.e4 c5 2.Nf3 d6 3.Bb5+ Bd7 4.Bxd7+ Nxd7 5.O-O Ngf6 6.Re1 e6 7.b3 Be7 8.Bb2 O-O
9.d4 cxd4 10.Nxd4 Nc5 11.Nd2 Rc8 12.a4 Re8 13.f3 Bf8 14.Nf1 a6 15.Ne3 Ncd7
16.Qd2 g6 17.c4 Bh6 18.Ndc2 Bg7 19.Bd4 Ne5 20.a5 Nc6 21.Bb6 Qe7 22.Rad1 Nd7
23.Qxd6 Nxb6 24.Qxe7 Nxe7 25.axb6 Rc6 26.Rd7 Rxb6 27.b4 Nc6 28.Rb1 Bf8 29.b5 Ne5
30.Rdd1 Rc8 31.bxa6 Rxb1 32.Rxb1 bxa6 33.Ra1 Nxc4 34.Rxa6 Bc5 35.Kf2 Nxe3
36.Nxe3 Rb8 37.Ra2 Rb3 38.Re2 g5 39.g3 f5 40.exf5 exf5 41.f4 gxf4 42.gxf4 Kf7
43.Re1 h6 44.Kf3 Kg6 45.Kf2 Kh5 46.Kf3 Bb6 47.Re2 Kh4 48.Re1 Kh3 49.Re2 Rxe3+
50.Rxe3 Bxe3 51.Kxe3 Kxh2  0-1

[Event "Maria Albulet Mem"]
[Site "Braila ROU"]
[Date "2011.09.06"]
[Round "9"]
[White "Ionescu,I"]
[Black "Sandu,Mi"]
[Result "1/2-1/2"]
[WhiteElo "2245"]
[BlackElo "2221"]

1.e4 c5 2.Nf3 d6 3.Bb5+ Bd7 4.Bxd7+ Qxd7 5.c4 Nf6 6.Nc3 g6 7.O-O Bg7 8.d4 cxd4
9.Nxd4 O-O 10.b3 Nc6 11.Nc2 a6 12.a4 Rfc8 13.f3 Qd8 14.Rb1 Nd7 15.Nd5 Rab8
16.Na3 e6 17.Ne3 Qb6 18.Kh1 Nc5 19.Bd2 Nb4 20.a5 Qxa5 21.Nac2 Nxc2 22.Bxa5 Nxe3
23.Qxd6 Nxf1 24.Rxf1 b6 25.Be1 Nxb3 26.Bg3 Rb7 27.h4 Nc5 28.h5 a5 29.Qf4 a4
30.h6 Bb2 31.Bh4 Nd7 32.Qd2 a3 33.Qc2 Rbc7 34.Qd2 Nf8 35.Rb1 Rd7 36.Qb4 f6
37.Rxb2 axb2 38.Qxb2 g5 39.Bf2 Kf7 40.Qb5 Rdc7 41.Bg3 Rxc4 42.Qxb6 e5 43.Qb7+ R4c7
44.Qd5+ Ne6 45.Kh2 Rd8 46.Qa2 Rcd7 47.Be1 Rc8 48.Kh3 Rc6 49.Qa8 Rdc7 50.Ba5 Rc8
51.Qb7+ Kg6 52.Qe7 Nf4+ 53.Kg4 Kxh6 54.g3 Ng6 55.Qd7 Nf8 56.Qf7 Ng6 57.Bb4 Rb8
58.Bd2 Rd8 59.Bb4 Rb8 60.Bd2 Rd8  1/2-1/2

[Event "VII Ugra Governor's Cup"]
[Site "Khanty-Mansiysk RUS"]
[Date "2011.09.06"]
[Round "7"]
[White "Kabanov,N"]
[Black "Mamedov,Rau"]
[Result "0-1"]
[WhiteElo "2520"]
[BlackElo "2679"]

1.e4 c5 2.Nf3 d6 3.Bb5+ Nd7 4.O-O a6 5.Bxd7+ Bxd7 6.d4 cxd4 7.Qxd4 Nf6 8.Bg5 Bg4
9.Bxf6 gxf6 10.Qd3 Rg8 11.Nc3 Bd7 12.Nd4 e6 13.f4 Qb6 14.Kh1 O-O-O 15.f5 Kb8
16.a4 Rc8 17.Ra3 Qc5 18.Raa1 Be7 19.Rf3 Rg4 20.Rd1 Rcg8 21.Rd2 Qb4 22.h3 R4g5
23.b3 Bd8 24.Nd1 d5 25.exd5 e5 26.c3 Qb6 27.Nc2 Qxb3 28.Nce3 Qxa4 29.Nf2 Rg3
30.Rxg3 Rxg3 31.Ne4 Bxf5 32.c4 Bb6 33.Re2 Bxe4 34.Qxe4 Rxe3 35.Rxe3 Bxe3
36.Qxe3 Qxc4  0-1

[Event "5th ch-Euro IBCA"]
[Site "Rhodes GRE"]
[Date "2011.09.06"]
[Round "1.1"]
[White "Meshkov,Y"]
[Black "Nistor,M"]
[Result "1-0"]
[WhiteElo "2394"]
[BlackElo "1951"]

1.e4 c5 2.Nf3 d6 3.Bb5+ Bd7 4.a4 Nc6 5.O-O e5 6.c3 Nf6 7.d4 Qc7 8.Re1 Be7
9.dxe5 dxe5 10.Bg5 a6 11.Bf1 O-O 12.h3 Rfd8 13.Qc2 Be6 14.Nfd2 Rd7 15.Nc4 Na5
16.Nxa5 Qxa5 17.Na3 h6 18.Bxf6 Bxf6 19.Bc4 Qb6 20.a5 Qc6 21.Bxe6 Qxe6 22.Qa4 Rad8
23.Nc4 Bg5 24.Re2 Bf4 25.Nb6 Rd2 26.Rxd2 Rxd2 27.Nc4 Rd8 28.Kf1 Rd7 29.Re1 Bg5
30.Nb6 Rd2 31.Re2 Rxe2 32.Kxe2 Bd8 33.Nd5 Kf8 34.Qc4 Qd6 35.b4 cxb4 36.cxb4 Qd7
37.Kd3 Qb5 38.Qxb5 axb5 39.Kc2 Ke8 40.Nc3 Kd7 41.Nxb5  1-0

[Event "Yuzhny Open"]
[Site "Yuzhny UKR"]
[Date "2011.09.06"]
[Round "6.8"]
[White "Gubanov,O"]
[Black "Solovyev,A"]
[Result "1-0"]
[WhiteElo "2361"]
[BlackElo "2193"]

1.e4 c5 2.Nf3 d6 3.Bb5+ Nd7 4.c3 Nf6 5.Qe2 a6 6.Ba4 b5 7.Bc2 e5 8.O-O Be7
9.a4 Rb8 10.d4 O-O 11.Nbd2 Re8 12.Rd1 Bf8 13.dxe5 dxe5 14.axb5 axb5 15.Nf1 h6
16.Ne3 Qc7 17.c4 bxc4 18.Nd2 Nb6 19.Ndxc4 Nxc4 20.Nxc4 Be6 21.Bd2 Bxc4 22.Qxc4 Rxb2
23.Ba5 Qb7 24.Ba4 Ra8 25.Bc3 Rb6 26.f3 Qa6 27.Bb3 Qxc4 28.Bxc4 Rxa1 29.Rxa1 Nd7
30.Ra7 Rd6 31.Kf2 Nb6 32.Bxf7+ Kh7 33.Bxe5 Rd7 34.Rxd7 Nxd7 35.Bc7 g5 36.e5 Be7
37.Ke3 Kg7 38.Bc4  1-0

[Event "US Chess League 2011"]
[Site "ICC INT"]
[Date "2011.09.07"]
[Round "2"]
[White "Defibaugh,J"]
[Black "Shen,A"]
[Result "1-0"]
[WhiteElo "2178"]
[BlackElo "2194"]

1.e4 c5 2.Nf3 d6 3.Bb5+ Nc6 4.O-O Bd7 5.Re1 Nf6 6.h3 a6 7.Bf1 e5 8.c3 g6
9.d4 Qc7 10.Na3 b5 11.Bg5 Bg7 12.Qd2 h6 13.Bxf6 Bxf6 14.dxc5 dxc5 15.Rad1 Rd8
16.Qe3 Be7 17.Nc2 Be6 18.a3 Bb3 19.Rxd8+ Nxd8 20.Qd2 Ne6 21.Na1 c4 22.Nxb3 cxb3
23.Qd5 O-O 24.Qxe5 Qxe5 25.Nxe5 Nc5 26.Nc6 Bg5 27.g3 Na4 28.f4 Rc8 29.Nb4 Be7
30.Rb1 Bxb4 31.axb4 Rd8 32.Be2 Rd2 33.Bd1 Nxb2 34.Bxb3 Nc4 35.Rd1 Re2 36.Bxc4 bxc4
37.Rd4 Re3 38.Rxc4 Rxg3+ 39.Kh2 Rf3 40.e5 g5 41.fxg5 hxg5 42.Rc6 Kf8 43.Kg2 Re3
44.c4 Rb3 45.Rb6 Ke7 46.c5 Ke8 47.Kf2 Kd7 48.Ke2 Kc7 49.Kd2 a5 50.bxa5 Rxh3
51.a6 Ra3 52.Ke2 Ra5 53.Rf6 Rxc5 54.Rxf7+ Kb8 55.Re7 Rc6 56.a7+ Ka8 57.Kf3 g4+
58.Kg3 Rc3+ 59.Kxg4 Rg3+ 60.Kf5 Rg5+ 61.Ke4 Rg4+ 62.Kd5 Rd4+ 63.Ke6 Rd6+
64.Kf5 Rf6+ 65.Ke4 Rf4+ 66.Kd5 Rd4+ 67.Kc6 Rc4+ 68.Kd7 Rd4+ 69.Ke8 Rd8+ 70.Kf7 Rf8+
71.Ke6 Rf6+ 72.Kd7 Rf8 73.Re8+  1-0

[Event "DYTM Nazrin Shah Inv"]
[Site "Kuala Lumpur MAS"]
[Date "2011.09.07"]
[Round "5.3"]
[White "Barbosa,O PHI"]
[Black "Vakhidov,J"]
[Result "1-0"]
[WhiteElo "2538"]
[BlackElo "2392"]

1.e4 c5 2.Nf3 d6 3.Bb5+ Nd7 4.d4 cxd4 5.Qxd4 a6 6.Bxd7+ Bxd7 7.O-O Rc8 8.c4 e5
9.Qd3 h6 10.a4 Nf6 11.b3 Be7 12.Nc3 O-O 13.Ba3 Bc6 14.Rfd1 Re8 15.Qe2 Qc7
16.Ne1 Bd7 17.Qd2 b5 18.Bxd6 Bxd6 19.Qxd6 bxa4 20.Nxa4 Bxa4 21.Rxa4 Qxd6
22.Rxd6 Nxe4 23.Rb6 Nc5 24.Ra5 e4 25.Nc2 Red8 26.Ne3 Rd2 27.h4 Nd3 28.Rf5 Rb2
29.h5 a5 30.Rb7 Rf8 31.Rbb5 Ra8 32.Nd5 a4 33.Ne7+ Kh7 34.bxa4 Rxa4 35.Rxb2 Nxb2
36.c5 Ra7 37.Nc6 Ra1+ 38.Kh2 f6 39.Ne7 Ra7 40.Ng6 Nc4 41.Rd5 Ne5 42.Nxe5 fxe5
43.Rxe5 Ra2 44.c6 Rxf2 45.c7 Rc2 46.Re7 Rc5 47.Kg3 e3 48.Kf3 Rc1 49.Ke2 Rc3
50.Rd7 Rc6 51.Kxe3 Rc4 52.Kd3 Rc1 53.Ke4 Rg1 54.Rd8  1-0

[Event "FSFM September"]
[Site "Budapest HUN"]
[Date "2011.09.08"]
[Round "6"]
[White "Mayer,I"]
[Black "Juracsik,J"]
[Result "1/2-1/2"]
[WhiteElo "2063"]
[BlackElo "2178"]

1.e4 c5 2.Nf3 d6 3.Bb5+ Nc6 4.O-O Bg4 5.h3 Bh5 6.e5 e6 7.g4 Bg6 8.d4 d5 9.c4 dxc4
10.Qa4 Ne7 11.dxc5 a6 12.Bxc4 Nd5 13.Nd4 Rc8 14.Nc3 Nxc3 15.bxc3 Bxc5 16.Nxc6 Rxc6
17.Bxa6 O-O 18.Bxb7 Rb6 19.Bg2 Qd3 20.Qa5 Rc8 21.c4 Qxc4 22.Bg5 h6 23.Rac1 Bc2
24.Be3 Bxe3 25.fxe3 Ra6 26.Qd2 Ra3 27.Rf2 Rc3  1/2-1/2

[Event "8th LGA Premium Cup"]
[Site "Nuernberg GER"]
[Date "2011.09.08"]
[Round "1.60"]
[White "Suess,Stefan2"]
[Black "Donchenko,Alexa"]
[Result "0-1"]
[WhiteElo "1982"]
[BlackElo "2304"]

1.e4 c5 2.Nf3 d6 3.Bb5+ Bd7 4.Bxd7+ Qxd7 5.O-O Nc6 6.c3 Nf6 7.Re1 e6 8.d4 d5
9.e5 Ne4 10.Nbd2 Nxd2 11.Bxd2 Be7 12.Bf4 Rc8 13.Qa4 Nxe5 14.Qxa7 Nxf3+ 15.gxf3 O-O
16.Qb6 Qc6 17.dxc5 Bxc5 18.Qxc6 Rxc6 19.Be3 Be7 20.Rad1 f6 21.Rd3 Kf7 22.Kg2 Rfc8
23.a4 Ra6 24.c4 dxc4 25.Rd7 Ke8 26.Rxb7 Rxa4 27.Rd1 Rd8 28.Rxd8+ Kxd8 29.Rb8+ Kd7
30.Rg8 g5 31.Rg7 Kd6 32.Rxh7 Ra2 33.Bd4 e5 34.Bc3 Bd8 35.h4 gxh4 36.Rxh4 Kd5
37.Rh7 Bb6 38.Rd7+ Ke6 39.Rd2 Ba5 40.Rc2 Kd5 41.Bd2 Bb6 42.Bb4 Bd4 43.Be1 Rxb2
44.Rc1 Rb3 45.Bd2 c3 46.Be1 Kc4 47.Kg3 Kd3 48.Bxc3 Rxc3 49.Rf1 Ke2  0-1

[Event "TCh-POL 1st League"]
[Site "Mrzezyno POL"]
[Date "2011.09.09"]
[Round "7"]
[White "Wieczorek,Z"]
[Black "Jakubowski,K"]
[Result "0-1"]
[WhiteElo "2318"]
[BlackElo "2491"]

1.e4 c5 2.Nf3 d6 3.Bb5+ Bd7 4.Bxd7+ Nxd7 5.O-O Ngf6 6.d3 e6 7.Ng5 h6 8.Nh3 g5
9.f4 g4 10.Nf2 h5 11.c4 Rg8 12.g3 h4 13.Nc3 Nh5 14.Ne2 Qf6 15.Qa4 Rh8 16.e5 Qh6
17.f5 Qh7 18.fxe6 fxe6 19.Bg5 hxg3 20.Ne4 a6 21.Nf4 b5 22.Nxe6 Nxe5 23.cxb5 Qd7
24.Nf4 Bg7 25.Rae1 Nxf4 26.Rxf4 c4 27.d4 Nf3+ 28.Rxf3 gxf3 29.Nxg3+ Kf8 30.Be7+ Kg8
31.Qxc4+ d5 32.Qc6 Bxd4+ 33.Kh1 Qxc6 34.bxc6 Bf2  0-1

[Event "8th LGA Premium Cup"]
[Site "Nuernberg GER"]
[Date "2011.09.09"]
[Round "3.86"]
[White "Suess,Stefan2"]
[Black "Reichel,G"]
[Result "1/2-1/2"]
[WhiteElo "1982"]
[BlackElo "1730"]

1.e4 c5 2.Nf3 d6 3.Bb5+ Bd7 4.Bxd7+ Qxd7 5.O-O g6 6.c3 Bg7 7.d4 cxd4 8.cxd4 Nf6
9.Nc3 O-O 10.h3 Rc8 11.Be3 b5 12.Qb3 a6 13.e5 Ne8 14.Ng5 e6 15.d5 Nc7 16.dxe6 fxe6
17.exd6 Qxd6 18.Rfd1 Qe7 19.Nce4 Nd7 20.Rxd7 Qxd7 21.Rd1 Nd5 22.Nc5 Rxc5
23.Bxc5 Qc6 24.Nxe6 Qxe6 25.Rxd5 Qe1+ 26.Kh2 Kh8 27.Qf3 Re8 28.Rd7 Qe5+  1/2-1/2

[Event "1st Barclays Open A"]
[Site "Rome ITA"]
[Date "2011.09.09"]
[Round "7.6"]
[White "Jones,G"]
[Black "Di Berardino,D"]
[Result "1-0"]
[WhiteElo "2624"]
[BlackElo "2483"]

1.e4 c5 2.Nf3 d6 3.Bb5+ Bd7 4.Bxd7+ Qxd7 5.O-O e6 6.c4 Nf6 7.Nc3 Nc6 8.d4 cxd4
9.Nxd4 Be7 10.Re1 O-O 11.b3 Rac8 12.Bb2 Rfd8 13.Rc1 a6 14.Nxc6 bxc6 15.Qe2 Qb7
16.e5 dxe5 17.Qxe5 Bd6 18.Qe2 Qc7 19.g3 Qa5 20.Na4 Be7 21.Qf3 h6 22.Kg2 Qc7
23.Be5 Qa5 24.Re2 Nd7 25.Bc3 Qc7 26.Rd1 Bf6 27.Red2 Bxc3 28.Qxc3 Nf6 29.Nc5 Rxd2
30.Qxd2 a5 31.Qd4 Qe7 32.h3 e5 33.Qd6 Qxd6 34.Rxd6 Kf8 35.Rd2 e4 36.Kf1 Ke7
37.Ke2 Rb8 38.Ke3 h5 39.Rd4 Rb4 40.Kd2 Rb8 41.Kc3 h4 42.g4 g5 43.Nxe4 Nxe4+
44.Rxe4+ Kd6 45.f4 gxf4 46.Rxf4 Re8 47.Kd3 Re7 48.Re4 Rb7 49.g5 a4 50.Kc3 axb3
51.axb3 c5 52.Rxh4 Re7 53.Rh6+ Kc7 54.h4  1-0

[Event "Sorea Open"]
[Site "Stara Lubovna SVK"]
[Date "2011.09.09"]
[Round "2"]
[White "Jelen,P1"]
[Black "Recky,N"]
[Result "1-0"]
[WhiteElo "2193"]
[BlackElo "1907"]

1.e4 c5 2.Nf3 d6 3.Bb5+ Bd7 4.Bxd7+ Nxd7 5.O-O Ngf6 6.Re1 e6 7.c3 Be7 8.d4 cxd4
9.cxd4 O-O 10.Nc3 Nb6 11.Qd3 Rc8 12.b3 a6 13.a4 Qc7 14.Bd2 Nfd7 15.Rac1 Qb8
16.a5 Na8 17.b4 b5 18.Rb1 Rc4 19.Nd1 Qb7 20.Ne3 Rcc8 21.d5 e5 22.Nf5 Rfe8
23.Nxe7+ Rxe7 24.Nh4 g6 25.Qg3 Kh8 26.Rbc1 Ree8 27.Qf3 Kg7 28.Qe3 Rxc1 29.Bxc1 Rc8
30.Qh6+ Kg8 31.g4 Nc7 32.Bg5 Ne8 33.Re3 Ndf6 34.Bxf6 Nxf6 35.Nf5 Ne8 36.Qg5 Rc7
37.Nxd6 Nxd6 38.Qd8+ Kg7 39.Qxd6 Rc1+ 40.Kg2 Qc8 41.Qxe5+ Kg8 42.h3 Qc4 43.Rf3 Qxb4
44.Qf4  1-0

[Event "15th Cesenatico Open"]
[Site "Cesenatico ITA"]
[Date "2011.09.10"]
[Round "9"]
[White "Cocchi,A"]
[Black "Sreeves,C"]
[Result "1/2-1/2"]
[WhiteElo "2297"]
[BlackElo "2204"]

1.e4 c5 2.Nf3 d6 3.Bb5+ Nd7 4.d4 cxd4 5.Qxd4 a6 6.Bxd7+ Bxd7 7.Nc3 h6 8.Be3 Nf6
9.Nd5 e5 10.Nxf6+ Qxf6 11.Qd3 Rc8 12.Nd2 Qg6 13.g3 Bc6 14.c4 b5 15.O-O Be7
16.Qa3 d5 17.Bc5 Bxc5 18.Qxc5 dxc4 19.Qxe5+ Kf8 20.b3 Kg8 21.bxc4 bxc4 22.Nxc4 Re8
23.Qc5 Qxe4 24.f3 Qd5 25.Qxd5 Bxd5 26.Nb6 Be6 27.a4 a5 28.Rab1 Rb8 29.Rb5 Rb7
30.Rfb1 Ra7 31.Rc1 Kh7 32.Rcc5 Rb8 33.Nc4 Rxb5 34.axb5 Bxc4 35.Rxc4 Rb7 36.Rc5 a4
37.Rc4 Rxb5  1/2-1/2

[Event "DYTM Nazrin Shah Inv"]
[Site "Kuala Lumpur MAS"]
[Date "2011.09.10"]
[Round "9.1"]
[White "Barbosa,O PHI"]
[Black "Nguyen Anh Dung"]
[Result "1/2-1/2"]
[WhiteElo "2538"]
[BlackElo "2479"]

1.e4 c5 2.Nf3 d6 3.Bb5+ Bd7 4.Bxd7+ Qxd7 5.c4 Nc6 6.Nc3 g6 7.d4 cxd4 8.Nxd4 Bg7
9.Be3 Nf6 10.f3 O-O 11.O-O Rac8 12.b3 Rfd8 13.Qd2 e6 14.Nxc6 bxc6 15.Rac1  1/2-1/2

[Event "CHOM Open A"]
[Site "Montreal CAN"]
[Date "2011.09.10"]
[Round "3.15"]
[White "Dumont,Felix"]
[Black "Chiku-Ratte,Olivier-Kenta"]
[Result "1/2-1/2"]
[WhiteElo "1984"]
[BlackElo "2108"]

1.e4 c5 2.Nf3 d6 3.Bb5+ Bd7 4.Bxd7+ Qxd7 5.c4 Nf6 6.Nc3 g6 7.d4 cxd4 8.Nxd4 Bg7
9.f3 O-O 10.Be3 Rc8 11.b3 Nc6 12.Rc1 a6 13.O-O Nxd4 14.Bxd4 b5 15.c5 dxc5
16.Bxf6 Qxd1 17.Rfxd1 Bxf6 18.Nd5 Ra7 19.f4 Bb2 20.Rc2 Ba3 21.Rd3 a5 22.Kf1 Rb7
23.Ke2 e6 24.Nf6+ Kg7 25.e5 h5 26.Ne4 Re7 27.Nd6 Rb8 28.h3 Bb4 29.g4 hxg4
30.hxg4 c4 31.bxc4 bxc4 32.Rh3 Bxd6 33.exd6 Rd7 34.Rhc3 Rxd6 35.Rxc4 Rd7
36.Ke3 Rh8 37.g5 Rh3+ 38.Ke4 Rdd3 39.Re2 Rd5 40.Rf2 f5+ 41.gxf6+ Kxf6 42.Rg2 Rdd3
43.Re2 Ra3 44.Kd4 Rh5 45.Ke4 Rh4 46.Rg2 Rhh3 47.Rf2 Rae3+ 48.Kd4 Rd3+ 49.Kc5 Rh5+
50.Kb6 Rd6+ 51.Kc7 Ke7 52.Rg2 Rd7+ 53.Kc6 Rhd5 54.Re4 R7d6+ 55.Kc7 Rc5+ 56.Kb7 Kd7
57.Rxg6 Rc7+ 58.Kb8 Rb6+ 59.Ka8 Ra6+ 60.Kb8 Rb6+  1/2-1/2

[Event "8th LGA Premium Cup"]
[Site "Nuernberg GER"]
[Date "2011.09.10"]
[Round "4.70"]
[White "Kotz,R"]
[Black "Noeckler,A"]
[Result "1-0"]
[WhiteElo "2148"]
[BlackElo "1999"]

1.e4 c5 2.Nf3 d6 3.Bb5+ Nd7 4.d4 cxd4 5.Nxd4 a6 6.Bc4 Qc7 7.Bb3 Ngf6 8.O-O Nc5
9.Nc3 e6 10.f3 Be7 11.Be3 O-O 12.a3 b5 13.Ba2 Nb7 14.Qe2 Na5 15.Rad1 Bd7
16.Qf2 Nc4 17.Bc1 Nxa3 18.bxa3 Qxc3 19.Rd3 Qc5 20.Be3 Qh5 21.Ne2 e5 22.g4 Qg6
23.Ng3 Ne8 24.Nf5 Bxf5 25.exf5 Qf6 26.Bd5 Rc8 27.Bb7 Rc4 28.Bd5 Rc8 29.Be4 Qh4
30.Qd2 Nf6 31.Bb7 Rc4 32.Bf2 Qh3 33.Bxa6 e4 34.fxe4 Qxg4+ 35.Rg3 Nxe4 36.Rxg4 Nxd2
37.Rxc4 bxc4 38.Rd1 Nf3+ 39.Kg2 Ne5 40.a4 Rd8 41.Bb5 d5 42.Bb6 Rc8 43.Rxd5 f6
44.a5 Rb8 45.Bd4 Bb4 46.a6 c3 47.a7 Ra8 48.Ba6 Nc6 49.Bb7 Rxa7 50.Bxc6 Ra2
51.Rd8+  1-0

[Event "ch-Euro Youth g18"]
[Site "Albena BUL"]
[Date "2011.09.12"]
[Round "2.6"]
[White "Narva,T"]
[Black "Pavlidou,E"]
[Result "0-1"]
[WhiteElo "2006"]
[BlackElo "2189"]

1.e4 c5 2.Nf3 d6 3.Bb5+ Nd7 4.O-O a6 5.Bxd7+ Qxd7 6.a4 Nf6 7.Re1 e6 8.d4 cxd4
9.Qxd4 e5 10.Qd3 h6 11.c4 Be7 12.Nc3 O-O 13.Be3 Qc6 14.b4 Bg4 15.Nd2 Rac8
16.Rec1 Bh5 17.f3 Bg6 18.b5 Qd7 19.a5 Bd8 20.Nb3 Qe6 21.Nd5 Nd7 22.g4 Nf6
23.h3 Nh7 24.c5 Ng5 25.Kg2 h5 26.bxa6 bxa6 27.Bxg5 Bxg5 28.Rc3 dxc5 29.Nxc5 Qd6
30.Qxa6 Rc6 31.Qb5 Rfc8 32.Nb7 Qd7 33.a6 hxg4 34.a7 gxf3+ 35.Kh2 Bf4+ 36.Kg1 Qxh3
37.Nxf4 Qg3+ 38.Kf1 exf4 39.Rxc6 Qg2+ 40.Ke1 f2+ 41.Kd1 f1=Q+ 42.Qxf1 Qxf1+
43.Kd2 Qf2+ 44.Kd1 Bh5+ 45.Kc1 Rxc6+  0-1

[Event "ch-Euro Youth g16"]
[Site "Albena BUL"]
[Date "2011.09.14"]
[Round "4.20"]
[White "Tkachova,A"]
[Black "Nikolovska,D"]
[Result "1-0"]
[WhiteElo "1948"]
[BlackElo "1788"]

1.e4 c5 2.Nf3 d6 3.Bb5+ Bd7 4.Bxd7+ Qxd7 5.c4 Nc6 6.Nc3 g6 7.d4 cxd4 8.Nxd4 Bg7
9.Nde2 Nf6 10.f3 O-O 11.Be3 Rfc8 12.O-O Ne5 13.b3 b6 14.Qd2 Rab8 15.h3 Qb7
16.Rad1 a6 17.a4 Ned7 18.Nf4 Nc5 19.Rb1 Rd8 20.Rfd1 Qc6 21.Qf2 e6 22.Nd3 Ng4
23.hxg4 Bxc3 24.Qh4 d5 25.Bf4 Rbc8 26.Ne5 Qe8 27.Rbc1 Bb2 28.Rb1 Bc3 29.Rbc1 Bb2
30.Rc2 Ba3 31.exd5 exd5 32.cxd5 Nxb3 33.Rxc8 Rxc8 34.d6 Bc5+ 35.Kh1 Bxd6
36.Rxd6 Qxa4 37.Qf6 Qa1+ 38.Kh2 Rf8 39.Bh6  1-0

[Event "5th ch-Euro IBCA"]
[Site "Rhodes GRE"]
[Date "2011.09.14"]
[Round "8.1"]
[White "Dukaczewski,P"]
[Black "Wassin,S"]
[Result "1-0"]
[WhiteElo "2310"]
[BlackElo "2304"]

1.e4 c5 2.Nf3 d6 3.Bb5+ Nd7 4.d4 cxd4 5.Qxd4 Nf6 6.Nc3 a6 7.Bxd7+ Bxd7 8.Bg5 e6
9.O-O-O Bc6 10.e5 Bxf3 11.gxf3 Qa5 12.Bxf6 gxf6 13.exd6 Bg7 14.d7+ Kd8 15.Rhg1 Rg8  1-0

[Event "ch-Euro Youth g18"]
[Site "Albena BUL"]
[Date "2011.09.15"]
[Round "5.23"]
[White "Sanal,S"]
[Black "Atanasova,Elitsa"]
[Result "1-0"]
[WhiteElo "1728"]
[BlackElo "1728"]

1.e4 c5 2.Nf3 d6 3.Bb5+ Bd7 4.Bxd7+ Qxd7 5.O-O Nf6 6.Re1 Nc6 7.c3 e6 8.d4 cxd4
9.cxd4 d5 10.e5 Ne4 11.Nbd2 Nxd2 12.Bxd2 Be7 13.Rc1 O-O 14.a3 a5 15.Rc3 f6
16.exf6 Bxf6 17.Bg5 Rae8 18.Bxf6 gxf6 19.Nh4 Rf7 20.Rce3 e5 21.Rg3+ Rg7 22.Rxg7+ Kxg7
23.dxe5 fxe5 24.Re3 Rg8 25.Qh5 Kh8 26.h3 Qe6 27.Rf3 Qe8 28.Rf7 Rg7 29.Ng6+ Kg8
30.Ne7+ Kh8 31.Rxg7  1-0

[Event "ch-Euro Youth b16"]
[Site "Albena BUL"]
[Date "2011.09.15"]
[Round "5.10"]
[White "Borisenko,V"]
[Black "Usmanov,V"]
[Result "1/2-1/2"]
[WhiteElo "2302"]
[BlackElo "2238"]

1.e4 c5 2.Nf3 d6 3.Bb5+ Nd7 4.d4 cxd4 5.Qxd4 Nf6 6.Bg5 a6 7.Bxf6 gxf6 8.Bxd7+ Bxd7
9.O-O Rg8 10.c4 Qa5 11.Ne1 Bg7 12.Qe3 f5 13.Nd2 Bxb2 14.Rb1 Bc3 15.Nb3 f4
16.Qf3 Qe5 17.Nd3 Qg5 18.Nxf4 Be5 19.Nd5 Bg4 20.Qe3 Qxe3 21.fxe3 Rc8 22.Na5 b5
23.cxb5 Bh3 24.Rf2 axb5 25.Nf4 Bd7 26.Nd5 Rg4 27.Nf4 e6 28.g3 Ra8 29.Nb3 Ra4
30.Nd4 Rxd4 31.exd4 Bxd4 32.Kg2 Bxf2 33.Kxf2 Ke7 34.Rc1 Rg8 35.a3 Ra8 36.Rc3 Ra6
37.Nd3 Rc6 38.Rxc6 Bxc6 39.Ke3 e5 40.Nb4 Kd7 41.g4 f6 42.h4 Bb7 43.Kd3 Kc7
44.Nc2 Kb6 45.Ne3 Ka5 46.Nf5 Ka4 47.Nxd6 Bc6 48.g5 fxg5 49.hxg5 Kxa3 50.Nf7 b4
51.Nxe5 Bb5+ 52.Kd4 b3 53.Nf3 b2 54.Nd2 Kb4 55.Nb1 Kb3 56.Nc3 Bc4 57.Nb1 Ba6
58.e5 Bc8 59.Nd2+ Kb4 60.Kd3 Bf5+ 61.Kd4 Be6 62.Kd3 Bf5+ 63.Kd4 Kb5 64.Kd5 Bg6
65.e6 Kb4 66.Kd4 Bc2 67.e7 Bg6 68.Nb1 Kb3 69.Nd2+ Ka2 70.Ne4 b1=N 71.Nd6 Nd2
72.e8=Q Bxe8 73.Nxe8 Nf3+  1/2-1/2

[Event "ch-Euro Youth b16"]
[Site "Albena BUL"]
[Date "2011.09.15"]
[Round "5.24"]
[White "Boscolo,F"]
[Black "Kazakos,E"]
[Result "1/2-1/2"]
[WhiteElo "2225"]
[BlackElo "2094"]

1.e4 c5 2.Nf3 d6 3.Bb5+ Nd7 4.d4 cxd4 5.Qxd4 e5 6.Qd3 Nf6 7.Bg5 a6 8.Bxd7+ Bxd7
9.Nc3 Be6 10.O-O h6 11.Bxf6 Qxf6 12.Nd5 Bxd5 13.Qxd5 Rb8 14.Rad1 Be7 15.Nd2 O-O
16.Nc4 Rfd8 17.Ne3 Qe6 18.Qb3 Qxb3 19.axb3 Rbc8 20.c3 g6 21.Nd5 Bg5 22.Rd3 Kf8
23.Rfd1 Ke8 24.Kf1 Rc6 25.Ke2 Kd7 26.g3 Re8 27.f3 Bd8 28.Ra1 Ke6 29.Rad1 f5
30.Ra1 Rf8 31.g4 fxe4 32.fxe4 Bg5 33.Rf1 Rxf1 34.Kxf1 Rc8 35.Rf3 Be7 36.Ke2 Rc5
37.Rf1 Rc8 38.Rf3 Rc5 39.h4 Rc8 40.h5 gxh5 41.gxh5 Bg5 42.Kd3 Rg8 43.Nc7+ Ke7
44.b4 Bf4 45.Nd5+ Ke6 46.Nxf4+ exf4 47.Rxf4 Rg5 48.Rf8 Rxh5 49.Rb8 Rb5 50.Kd4 h5
51.Rh8 Kf6 52.Rh6+ Kg7 53.Rxd6 h4 54.Ke3 h3 55.Rd2 Rh5 56.Rh2 Kf6 57.Kf4 Rh4+
58.Kg3 Rh7 59.Kf4 Rh4+ 60.Kg3 Rh7  1/2-1/2

[Event "TUR-IRI Friendship Match"]
[Site "Ankara TUR"]
[Date "2011.09.15"]
[Round "7"]
[White "Ghaem Maghami,E"]
[Black "Yilmaz,M"]
[Result "1/2-1/2"]
[WhiteElo "2583"]
[BlackElo "2505"]

1.e4 c5 2.Nf3 d6 3.Bb5+ Nd7 4.O-O Nf6 5.Re1 a6 6.Bxd7+ Nxd7 7.d4 cxd4 8.Qxd4 e5
9.Qd3 h6 10.c4 Nc5 11.Qe2 Be7 12.Nc3 Bg5 13.Be3 Bxe3 14.Qxe3 Be6 15.Nxe5 Rc8
16.Rad1 Qb6 17.Nd3 Bxc4 18.Nxc5 Qxc5 19.Qg3 O-O 20.Qxd6 b5 21.Qxc5 Rxc5 22.a3 a5
23.b4 Rc7 24.bxa5 Ra8 25.Nd5 Rb7 26.Nb4 Rxa5 27.Re3 Be6 28.Rc3 Rba7 29.Nc2 Ra4
30.f3 Rc4 31.Rdd3 Rd7 32.Rxc4 Rxd3 33.Rc5 Bc4 34.h4 Rc3 35.Nd4 Rxa3 36.Nxb5 Ra1+
37.Kh2 Bxb5 38.Rxb5 g6 39.Kg3 h5 40.Rb2 Kg7 41.Kf4 Rh1 42.g3 Ra1 43.Rb3 Rg1
44.Rd3 Re1 45.Rd7 Kf6 46.Rc7 Re2 47.Rc3 Re1 48.Rc5 Re2 49.g4 hxg4 50.Kxg4 Rg2+
51.Kh3 Rg1 52.Kh2 Ra1 53.h5 gxh5 54.Rxh5 Kg6 55.Rc5 f6 56.Kg3 Rg1+ 57.Kf4 Ra1
58.Rd5 Ra3 59.Rd6 Ra5 60.Ke3 Ra3+ 61.Rd3 Ra4 62.Rc3 Kf7 63.Rc7+ Ke6 64.Rc6+ Kf7
65.f4 Ke7 66.Kf3 Kf7 67.Rc7+ Kf8 68.Rb7 Rc4 69.Ra7 Rb4 70.f5 Rb1 71.Ke3 Rd1
72.Ra2 Ke7 73.Ra7+ Kf8 74.Rb7 Ke8 75.Kf3 Kf8 76.Ke2 Rd4 77.Ke3 Rd1 78.Rb3 Ke7
79.Rd3 Ra1 80.Rd2 Ra3+ 81.Rd3 Ra1 82.Kf4 Kf7 83.Rd7+ Ke8 84.Rc7 Kf8 85.Ke3 Rd1
86.Rc4 Ke7 87.Ke2 Rd6 88.Rc1 Rd4 89.Ke3 Rd6 90.Rc7+ Ke8 91.Rc5 Rd1 92.Rd5 Ra1
93.Rd6 Ke7 94.Re6+ Kf7 95.Rc6 Rd1 96.Rc3 Ke7 97.Rb3 Rd6 98.Rb1 Ke8 99.Kf4 Rd2
100.Rb7 Kf8 101.Rb3 Rd1 102.Ke3 Ke7 103.Ra3 Rd6 104.Ra1 Rd7 105.Rh1 Rd6 106.Rh7+ Ke8
107.e5 Rd5 108.exf6  1/2-1/2

[Event "10th Istanbul Open A"]
[Site "Istanbul TUR"]
[Date "2011.09.15"]
[Round "5"]
[White "Berkun,D"]
[Black "Erdogdu,M"]
[Result "0-1"]
[WhiteElo "2045"]
[BlackElo "2431"]

1.e4 c5 2.Nf3 d6 3.Bb5+ Nc6 4.O-O Bd7 5.c3 Nf6 6.Re1 a6 7.Bf1 Bg4 8.d3 e6
9.Bf4 Be7 10.Nbd2 O-O 11.a4 d5 12.h3 Bh5 13.Qb3 Na5 14.Qc2 Rc8 15.Be2 Bg6
16.Ne5 Nc6 17.Ndf3 Nd7 18.Nxg6 hxg6 19.Nd2 g5 20.exd5 exd5 21.Bg3 Nf6 22.Bf3 Bd6
23.Nf1 Bf4 24.Re2 Rc7 25.Rae1 Re7 26.Rxe7 Nxe7 27.Qb3 Qc7 28.a5 Rd8 29.Bxf4 gxf4
30.Nd2 Kf8 31.Qa3 Rd6 32.Nb3 Nd7 33.d4 c4 34.Nc1 Re6 35.Rxe6 fxe6 36.Bg4 Kf7
37.Ne2 Nf6 38.Bf3 Ng6 39.Qa1 Nh4 40.Bg4 Nxg4 41.hxg4 f3 42.gxf3 Nxf3+ 43.Kg2 Nh4+
44.Kg1 e5 45.Qc1 Qd7 46.Ng3 Qxg4 47.dxe5 Qh3 48.Qf4+ Kg8  0-1

[Event "Shenzhen WGP 2011"]
[Site "Shenzhen CHN"]
[Date "2011.09.15"]
[Round "8"]
[White "Yildiz,B"]
[Black "Ju Wenjun"]
[Result "0-1"]
[WhiteElo "2308"]
[BlackElo "2536"]

1.e4 c5 2.Nf3 d6 3.Bb5+ Nd7 4.d4 cxd4 5.Qxd4 a6 6.Bxd7+ Bxd7 7.c4 Nf6 8.Nc3 g6
9.O-O Bg7 10.c5 dxc5 11.Qxc5 Bc6 12.Re1 O-O 13.Bf4 Nd7 14.Qa3 Re8 15.Rad1 Qb6
16.Be3 Qc7 17.Nd4 Ne5 18.Nxc6 bxc6 19.Bd4 Ng4 20.g3 Bxd4 21.Rxd4 Qa7 22.Rd2 Rad8
23.Red1 Rd6 24.Qa4 Red8 25.Qc2 Ne5 26.Rxd6 Rxd6 27.Rxd6 exd6 28.Qe2 a5 29.Kg2 Qd4
30.f3 Nc4 31.Kh3 h5 32.b3 Ne3 33.Nb1 g5 34.g4 hxg4+ 35.Kg3 Qe5+ 36.Kf2 Qxh2+
37.Kxe3 g3  0-1

[Event "2nd Livigno Open A"]
[Site "Livigno ITA"]
[Date "2011.09.16"]
[Round "7.9"]
[White "Pacher,M"]
[Black "Mareco,S"]
[Result "1/2-1/2"]
[WhiteElo "2403"]
[BlackElo "2597"]

1.e4 c5 2.Nf3 d6 3.Bb5+ Nd7 4.d4 cxd4 5.Qxd4 a6 6.Bxd7+ Bxd7 7.Nc3 e5 8.Qd3 h6
9.O-O Nf6 10.a4 Rc8 11.h3 Be7 12.Be3 Be6 13.Rfd1 Qa5 14.Qd2 Qb4 15.Nd5 Qxd2
16.Nxf6+ gxf6 17.Rxd2 Rc4 18.b3 Rxe4 19.c4 f5 20.Bb6 O-O 21.Bc7 b5 22.axb5 axb5
23.cxb5 Rb4 24.Bxd6 Bxd6 25.Rxd6 Rxb5 26.Re1 Rfb8  1/2-1/2